Rappeurs français possédant un disque de diamant - Statistiques

Statistiques générales
  • Ce quiz a été pris 1 405 fois
  • Le résultat moyen est 9 sur 18
Statistiques - réponses
Diamants Rappeur % Correct
2 Jul
91%
1 Booba
88%
3 Ninho
88%
2 PNL
72%
1 Damso
71%
3 Gims
64%
3 Nekfeu
64%
1 Niska
62%
1 IAM
50%
2 Orelsan
46%
3 Soprano
29%
1 Black M
26%
1 Diam's
24%
1 Sexion d'Assaut
23%
2 Dadju
20%
1 Bigflo & Oli
18%
1 Lomepal
15%
1 Manau
5%
Aucun quiz correspondant
Distribution des résultats
% des personnes avec chaque résultat
Percentile par nombre de réponses
Votre historique - résultats
Vous n’avez pas pris ce quiz